00509nam a2200157Ia 4500008004100000041000800041082001200049100001900061245004500080250001400125260003800139300003200177365001100209999001500220952011600235240624s9999 xx 000 0 und d aeng a150 BAR aBARLOW DAVID H aABNORMAL PSYCHOLOGY AN INTEGRATIVE APPRO a(2nd ed.) c2007aNew DelhibThomson Learning axxiv, : 562 : p. : cm. ; 28 cRSb25 c4439d4439 00104070aIMTNbIMTNcRack 2-Bd2007-01-17eAPg495.00o150 BARp4439r2024-06-24 00:00:00t1w2024-06-24yBK